000 00621nam a22002057a 4500
003 DO-SdBNP
005 20171205104306.0
008 171121b sp||||| |||| 00| 0 spa d
040 _aBPMSU
_bspa
_cBPMSU
100 _aWackerly , Dennis D, Mendenhall. William, Scheaffer , Richard L.
245 _aEstadística matemática con aplicaciones
_cDennis D. Wackerly
250 _a6ta ed.
260 _aMéxico :
_bThomson
_c2002
300 _a853 p.
_bil. :
_c23 cm
700 _aMendenhall, William
700 _aScheaffer, Richard L.
942 _2ddc
_cBK
945 _ainventariado extranjero / DG
956 _adgarcia
999 _c12969
_d12969